000 00687 a2200205 4500
003 UA-OsUOA
005 20260508114351.0
008 260508b un ||||| |||| 00| 0 ukr d
040 _aUA-OsUOA
_beng
_cUA-OsUOA
_dUA-OsUOA
041 _aeng
080 _a050
090 _a050
_bJ80
245 _aJournal of Ukrainian Graduate Studies
_nVol. 1, № 1, Fall 1976
260 _bCanadian Institute of Ukrainian Studies
_c1976
_aToronto
300 _a108 p.
650 _2UDC
_a050 Серіальні видання. Періодика
_93723
942 _cMG
_2udc
955 _a4
999 _c580667
_d580667